000
00336cam a2200145ua 4500
041
_a
eng
_h
082
_a
920
_b
LOO/LI
100
_a
Loon, Van .
245
_a
Lives /
_c
Van Loon.
_h
Textual Documents
260
_a
London :
_b
George G Harrap & Co Ltd ,
_c
1960.
300
_a
646 ; .
504
_a
942
_c
BK
999
_c
6265
_d
6265